000 00821nam a2200241Ia 4500
001 9885
003 GE_BSU
008 181216s||||||||xx |||||||||||||| ||und||
040 _cGE_BSU
080 _a821.353.1-31
100 _aმორჩილაძე,აკა
245 _aმოგზაურობა ყარაბაღში
245 _bრომანი
245 _cყდის დიზაინი:მართა თაბუკაშვილი
250 _aმე-2გამოც.
260 _aთბილისი.
260 _bბაკურ სულაკაურის გამ-ბა.
260 _c2004.
300 _a167გვ;20სმ.
541 _h9ლ.20თ.
653 _aმოგზაურობა ყარაბაღში:რომანი
942 _cBK
999 _c43164
_d43164